All the countries and territories Metallica have played live - Statistics

General Stats
  • This quiz has been taken 100 times
  • The average score is 47 of 63
Answer Stats
Number of concerts Answer % Correct
1118 United States
100%
49 France
96%
102 United Kingdom
96%
23 Mexico
95%
117 Canada
94%
4 China
93%
38 Japan
93%
125 Germany
91%
8 Russia
91%
30 Spain
91%
25 Sweden
91%
9 Argentina
89%
19 Norway
89%
16 Brazil
88%
30 Denmark
87%
5 Chile
85%
20 Finland
85%
29 Italy
85%
12 Poland
85%
52 Australia
83%
13 Portugal
83%
1 India
82%
12 Ireland
80%
24 Belgium
79%
5 South Korea
79%
18 Switzerland
79%
5 Turkey
79%
15 Austria
78%
9 New Zealand
78%
28 Netherlands
77%
2 Peru
77%
1 Ukraine
77%
4 Estonia
76%
2 Lithuania
74%
6 South Africa
74%
4 Colombia
73%
4 Greece
73%
10 Czechia
72%
6 Hungary
72%
3 Indonesia
72%
2 Latvia
72%
1 Croatia
71%
1 Slovakia
71%
3 Bulgaria
70%
1 Panama
70%
2 Serbia
70%
2 Venezuela
68%
4 Romania
67%
1 Iceland
66%
1 Slovenia
66%
1 Thailand
63%
1 Paraguay
62%
3 Israel
61%
1 Philippines
57%
2 Ecuador
55%
1 Malaysia
55%
2 Guatemala
51%
3 Singapore
50%
2 Costa Rica
48%
1 Antarctica
46%
2 United Arab Emirates
43%
2 Puerto Rico
18%
1 Hong Kong
15%
No matching quizzes found
Score Distribution
Percent of People with Each Score
Percentile by Number Answered
Your Score History
You have not taken this quiz